| 000 | 00505nam a2200181Ia 4500 | ||
|---|---|---|---|
| 999 |
_c14004 _d14004 |
||
| 003 | OSt | ||
| 005 | 20201027122920.0 | ||
| 008 | 190216s9999||||xx |||||||||||||| ||und|| | ||
| 020 | _a9780140024760 | ||
| 040 | _coclc | ||
| 082 |
_a813.5 _bMUR/U |
||
| 100 |
_aMurdoch, Iris _95760 |
||
| 245 | 4 |
_aThe Unicorn / _cIris Murdoch |
|
| 260 |
_bPenguin Books , _c1963. _aLondon: |
||
| 300 | _a270p | ||
| 650 | _aEnglish Novel-English Novel | ||
| 942 |
_cBK _2ddc _h813.5 _iMUR/U _k813.5 _mMUR/U |
||